*STRINet ... ročenka výskumno - vývojovej a inovačnej siete

Bibliographic Details
Other Authors: Búciová, Emília (Editor), Redhammer, Robert, 1963- (Editor)
Format: Serial
Language:Slovak
English
PhysicalDescription:zv. 21 cm
Published: V Bratislave Slovenská technická univerzita 2006-
ISBN:9788022726146 (brož. : r. 2006)
Subjects:

MARC

LEADER 00000cas a2200000 a 4500
001 vtls009180376
003 SK-MaSNL
005 20260228161122.0
008 080204u2006uuuuxo ar| 0 b0slo
015 |a SNBB2008-(r. 2006) 
020 |a 9788022726146 (brož. : r. 2006) 
040 |a SNK  |b slo  |c SNK  |e AACR2 
041 0 |a slo  |a eng 
044 |a xo  |c SK 
072 7 |a 00  |x Veda. Všeobecnosti. Základy vedy a kultúry. Vedecká práca  |2 konspekt 
072 7 |a 007  |x Teória systémov. Automatické systémy. Kybernetika. Informačné systémy  |2 konspekt 
080 |a 050  |2 2001 
080 |a 001  |2 2011 
080 |a 001.891  |2 2011 
080 |a 001.895  |2 2011 
080 |a 007:004.738  |2 2001 
080 |a (058)  |2 2011 
245 0 0 |a *STRINet ...  |b ročenka výskumno - vývojovej a inovačnej siete 
246 1 1 |a *STRINet ...  |b Slovak technology reseaech and innovation network yaerbook 
246 3 |a Hviezdička STRINet 
260 |a V Bratislave  |b Slovenská technická univerzita  |c 2006- 
300 |a zv.  |c 21 cm 
310 |a 1x ročne 
362 0 |a 2006- 
500 |a Súčasťou názvu je označenie bežného roku 
500 |a Názov začína znakom hviezdička 
500 |a Editor: Emília Búciová, Robert Redhammer 
546 |a Súbežný text angl. 
650 0 7 |a Science  |2 SNKPHeng  |9 265845 
650 0 7 |a veda  |2 SNKPH  |9 1599 
650 0 7 |a Research  |2 SNKPHeng  |9 265525 
650 0 7 |a inovácie  |2 SNKPH  |9 2291 
650 0 7 |a výskum  |2 SNKPH  |9 4238 
650 0 7 |a Innovations  |2 SNKPHeng  |9 74114 
650 0 7 |a informačné siete  |2 SNKPH  |9 1129 
650 0 7 |a Information networks  |2 SNKPHeng  |9 268016 
655 7 |a ročenky  |2 SNKPH  |9 57146 
655 7 |a Yearbooks  |2 SNKPHeng  |9 120938 
700 1 |a Búciová, Emília  |4 edt  |9 268017 
700 1 |a Redhammer, Robert,  |d 1963-  |4 edt  |9 166956 
752 |a Slovensko  |d Bratislava 
910 |a snk 
919 |a 978-80-227-2614-6 
999 |c 4384  |d 6314 
952 |0 0  |1 0  |4 0  |7 0  |8 0  |a SNK  |b SNK  |d 2008-02-04  |i snk2008/2772  |l 0  |o snkČSD 2446/2006  |p 17A0574391  |r 2026-02-21 20:28:23  |w 2026-02-21  |y PREZ 
952 |0 0  |1 0  |4 0  |7 0  |8 0  |a SNK  |b SNK  |d 2008-02-04  |i snk2008/2773  |l 0  |o snkČSD 2446/2006 D1  |p 17A0574392  |r 2026-02-21 20:28:24  |w 2026-02-21  |y PREZ